000 00406nas a2200157 a 4500
001 57341
003 128570
005 20201118103317.0
008 ||||||n9999 ||| || ||
041 _aspa
245 0 _aRevista Universidad EAFIT - No.103-102
260 _aBogotá :
_bFondo Editorial Universidad EAFIT,
_c1996.
562 _e0
773 _017215
_aRevista Universidad EAFIT
942 _cSISS
999 _c57341
_d57341